Statistics for Elements of the periodic table that start with 'C'

Click here to take the quiz!

General Stats

  • This quiz has been taken 29 times
  • The average score is 9 of 11

Answer Stats

Chemical symbolAnswer% Correct
CdCadmium
100%
CaCalcium
100%
CCarbon
100%
ClChlorine
100%
CsCesium
83%
CrChromium
83%
CuCopper
83%
CoCobalt
67%
CfCalifornium
50%
CeCerium
50%
CmCurium
50%

Score Distribution

Percentile by Number Answered

Percent of People with Each Score

Your Score History

You have not taken this quiz